Financovanie základných, stredných škôl a školských zariadení

Zmena zákona č. 597/2003 Z.z. o financovaní základných škôl, stredných škôl a školských zariadení v znení neskorších predpisov. Nový zákon č. 689/2006 Z.z., ktorým sa mení a dopĺňa zákon č. 597/2003 Z.z. Jednotlivé zmeny. Zmena zákona č. 596/2003 Z.z. o štátnej správe v školstve a školskej samospráv...

Descripción completa

Guardado en:
Detalles Bibliográficos
Autor principal: Matula, Ján
Formato: Capítulo de libro
Lenguaje:eslovaco
Materias:
Etiquetas: Agregar Etiqueta
Sin Etiquetas, Sea el primero en etiquetar este registro!

MARC

LEADER 00000naa$a2200000$$$4500
001 0054277
005 20231013071520.3
041 0 |a slo 
044 |a SK 
245 1 0 |a Financovanie základných, stredných škôl a školských zariadení  |c Ján Matula 
520 |a Zmena zákona č. 597/2003 Z.z. o financovaní základných škôl, stredných škôl a školských zariadení v znení neskorších predpisov. Nový zákon č. 689/2006 Z.z., ktorým sa mení a dopĺňa zákon č. 597/2003 Z.z. Jednotlivé zmeny. Zmena zákona č. 596/2003 Z.z. o štátnej správe v školstve a školskej samospráve. Jednotlivé zmeny. 
610 2 0 |a školy základné 
610 2 0 |a školy stredné 
610 2 0 |a zariadenia školské 
610 2 0 |a financovanie 
610 2 0 |a zákony 
100 1 |a Matula, Ján